000 00644nam a2200229Ia 4500
003 OSt
005 20220928104540.0
006 a|||||r|||| 00| 0
007 ta
008 220927b |||||||| |||| 00| 0 eng d
024 _a51713
037 _cTextual
040 _aSDCL
_cSDCL
_beng
041 _2eng
_aeng
082 _aO152,3N:g(V2y7M89), M9
100 _aVijay Laxmi M
_9410984
245 0 _aHindi aur Telgu sahitya par Gandhivad ka prabhav.
260 _aNew Delhi
_bSahity Mandal
_c1989
300 _a288p.
_ccm.
942 _hO152,3N:g(V2y7M89), M9
_cTEXL
_2CC
999 _c726638
_d726638